| 000 | 00608nam a2200193 i 4500 | ||
|---|---|---|---|
| 001 | 70031 | ||
| 003 | ES-MaACL | ||
| 005 | 20230906170709.0 | ||
| 007 | t| | ||
| 008 | 040715s1932 sp ||||1| spa d | ||
| 100 | 1 |
_aGarcía Mercet, Ricardo. _954947 |
|
| 245 | 1 | 4 |
_aLos parásitos de los insectos perjudiciales / _cpor Ricardo García Mercet. |
| 260 |
_aBarcelona : _bSalvat., _c1932 ( _fImp. Hispano-Americana) |
||
| 300 |
_aVIII, 152 p. : _bil. ; _c21 cm. |
||
| 490 | 1 | _aBiblioteca agrícola Salvat | |
| 830 | 0 |
_aBiblioteca agrícola Salvat _9181672 |
|
| 852 |
_aES-MaACL _jA-1116 |
||
| 999 |
_c70031 _d70031 |
||